Dos guide (Record no. 160850)

MARC details
000 -LEADER
fixed length control field 00306nam a2200133Ia 4500
008 - FIXED-LENGTH DATA ELEMENTS--GENERAL INFORMATION
fixed length control field 231217s9999 xx 000 0 und d
041 ## - LANGUAGE CODE
Language code of text/sound track or separate title English
100 ## - MAIN ENTRY--PERSONAL NAME
Personal name Norton, Peter
245 #0 - TITLE STATEMENT
Title Dos guide
260 ## - PUBLICATION, DISTRIBUTION, ETC.
Date of publication, distribution, etc. 1989
Name of publisher, distributor, etc. New Delhi : PHI,
300 ## - PHYSICAL DESCRIPTION
Extent xvi+350
650 ## - SUBJECT ADDED ENTRY--TOPICAL TERM
Topical term or geographic name entry element Operating systems
942 ## - ADDED ENTRY ELEMENTS (KOHA)
Koha item type Books
Holdings
Date last seen Total checkouts Accession number Cost, total (INR) price Price effective from Category Lost status Damaged status Department Withdrawn status Home library Current library Entry date Vendor Cost, normal purchase price Grants Billnumber Billdate Currency symbol Conversion rate Discount Old discount
26/01/2024   1559 50.15 26/01/2024 Books     Central Library   Central Library Central Library 20/06/1990 Sapna Book House 59.00 CS 13449 08/08/1990 RS 1 8.85 15

© For any Suggestions or Query, please contact the library staff @ librarian@pes.edu or Phone: +9180 2672 1983/ 2108.